Faculty of Law Library — Cairo University

Official Online Catalog

American government and politics today : (Record no. 45417)

MARC details
000 -LEADER
fixed length control field 01156cac a2200337 i 4500
003 - CONTROL NUMBER IDENTIFIER
control field EG-GICUC
005 - DATE AND TIME OF LATEST TRANSACTION
control field 20260121101333.0
008 - FIXED-LENGTH DATA ELEMENTS--GENERAL INFORMATION
fixed length control field 050422s1994 nyua fr 001 0 eng d
020 ## - INTERNATIONAL STANDARD BOOK NUMBER
International Standard Book Number 0314026274
020 ## - INTERNATIONAL STANDARD BOOK NUMBER
International Standard Book Number 9780314026279
040 ## - CATALOGING SOURCE
Original cataloging agency TAC
Transcribing agency TAC
Modifying agency BAKER
-- DLC
-- EG-GICUC
Language of cataloging eng
Description conventions rda
082 00 - DEWEY DECIMAL CLASSIFICATION NUMBER
Classification number 342.51.073
Edition number 21
092 04 - LOCALLY ASSIGNED DEWEY CALL NUMBER (OCLC)
Edition number 21
099 ## - LOCAL FREE-TEXT CALL NUMBER (OCLC)
Classification number Law 08 1994
100 1# - MAIN ENTRY--PERSONAL NAME
Personal name Bardes, Barbara A.
245 10 - TITLE STATEMENT
Title American government and politics today :
Remainder of title the essentials /
Statement of responsibility, etc. Barbara A. Bardes, Mack C. Shelley, Steffen W. Schmidt.
250 ## - EDITION STATEMENT
Edition statement 1994-1995 edition
264 ## - PRODUCTION, PUBLICATION, DISTRIBUTION, MANUFACTURE, AND COPYRIGHT NOTICE
Place of production, publication, distribution, manufacture Minneapolis/ saint Paul,
-- New York :
Name of producer, publisher, distributor, manufacturer West Publishing Company,
Date of production, publication, distribution, manufacture, or copyright notice 1994.
300 ## - PHYSICAL DESCRIPTION
Extent (various pages) :
Other physical details illustrations (some color) ;
Dimensions 28 cm.
336 ## - CONTENT TYPE
Content type term text
Content type code txt
Source rdacontent
337 ## - MEDIA TYPE
Media type term unmediated
Media type code n
Source rdamedia
338 ## - CARRIER TYPE
Carrier type term volume
Carrier type code nc
Source rdacarrier
500 ## - GENERAL NOTE
General note Includes index.
650 #0 - SUBJECT ADDED ENTRY--TOPICAL TERM
Topical term or geographic name entry element Elections
Geographic subdivision United States.
651 #0 - SUBJECT ADDED ENTRY--GEOGRAPHIC NAME
Geographic name United States
General subdivision Politics and government.
700 1# - ADDED ENTRY--PERSONAL NAME
Personal name Shelley, Mack C.,
Dates associated with a name 1950-
700 1# - ADDED ENTRY--PERSONAL NAME
Personal name Schmidt, Steffen W.
856 40 - ELECTRONIC LOCATION AND ACCESS
Uniform Resource Identifier <a href="https://fll.law.cu.edu.eg/fulltext/bks/ENGB08-00012.pdf">https://fll.law.cu.edu.eg/fulltext/bks/ENGB08-00012.pdf</a>
905 ## - Cataloger and Reviser Names
Cataloger Name: Hend El khosy
942 ## - ADDED ENTRY ELEMENTS (KOHA)
Source of classification or shelving scheme Dewey Decimal Classification
Koha item type Books
Edition 21
Suppress in OPAC No
Holdings
Withdrawn status Lost status Source of classification or shelving scheme Damaged status Not for loan Collection Home library Current library Date acquired Total checkouts Full call number Barcode Date last seen Copy number Price effective from Koha item type Public note
    Dewey Decimal Classification     القانون الدستوري جــــامعة القــاهرة مكتبة كلية الحقوق - المبنى الرئيسي 23.11.2025   Law1 08 342.51.073 BA . A 1994 0800014 C3 ENGB08-00014 23.11.2025 3 23.11.2025 Books 146
    Dewey Decimal Classification     القانون الدستوري جــــامعة القــاهرة مكتبة كلية الحقوق - المبنى الرئيسي 23.11.2025   Law1 08 342.51.073 BA . A 1994 0800015 C4 ENGB08-00015 23.11.2025 4 23.11.2025 Books 935
    Dewey Decimal Classification     القانون الدستوري جــــامعة القــاهرة مكتبة كلية الحقوق - فـرع الشيخ زايد 23.11.2025   Law2 08 342.51.073 BA . A 1994 0800012 C1 ENGB08-00012 23.11.2025 1 23.11.2025 Books 144
    Dewey Decimal Classification     القانون الدستوري جــــامعة القــاهرة مكتبة كلية الحقوق - فـرع الشيخ زايد 23.11.2025   Law2 08 342.51.073 BA . A 1994 0800013 C2 ENGB08-00013 23.11.2025 2 23.11.2025 Books 145

© All rights reserved — Faculty of Law, Cairo University